000 00316nam a2200133Ia 4500
100 _aKarger/ D.W./ Murdick/ R.G
942 _cRB
654 _aEngg. and Research
245 _aManaging Engineering and Research
260 _bIndustrial Press
_aNew York
_c1969
082 _a658
300 _a534
546 _aENGLISH
999 _c35055
_d35055